| 000 | 01743cam a22004454i 4500 | ||
|---|---|---|---|
| 003 | PE-LiUPU | ||
| 005 | 20250731165414.0 | ||
| 008 | 151126s2007 pe grm 000 0 spa d | ||
| 035 | _a(Sirsi) a155264 | ||
| 040 |
_aPE-LiUPU _bspa _cPE-LiUPU _erda |
||
| 099 |
_aSP 3 _bCH19 2007 |
||
| 100 | 1 |
_aChanducas Lozano, Bertha _eautor |
|
| 245 | 1 |
_aImpacto del programa 'Mi amigo el Hierro' en el estilo de vida alimentaria para prevenir la anemia en los alumnos del 2do. y 3er. año de Nutrición Humana de la Universidad Peruana Unión, 2006 / _cBertha Chanducas Lozano. |
|
| 264 | 0 | _c2007. | |
| 300 |
_a84 hojas _c31 cm |
||
| 336 |
_atext _2rdacontent |
||
| 337 |
_aunmediated _2rdamedia |
||
| 338 |
_avolume _2rdacarrier |
||
| 502 |
_aTesis _b(Mg.) -- _cUniversidad Peruana Unión, _d2007. |
||
| 504 | _aIncluye referencias | ||
| 520 | 3 | _aLa carencia de hierro es el problema mas prevalente de los seres humanos. En la mayoría de los países no industrializados amenaza a mas de 60 por ciento de las mujeres y niños, y mas de la mitad anemia comprobada. En casi todos los países industrializados de América del Norte, entre 12 y 18 por ciento de las mujeres son anémicas. | |
| 526 | _aSEG44 | ||
| 526 | _aSEG26 | ||
| 526 | _aP151 | ||
| 526 | _aP150 | ||
| 526 | _aP149 | ||
| 526 | _aP146 | ||
| 526 | _aP145 | ||
| 526 | _aP126 | ||
| 526 | _aP125 | ||
| 526 | _aP92 | ||
| 526 | _aP75 | ||
| 526 | _aP74 | ||
| 526 | _aP27 | ||
| 526 | _aP15 | ||
| 650 | 0 | 4 |
_aAnemia _xHierro _xDesórdenes del metabilismo. |
| 596 | _a1 | ||
| 942 |
_2ddc _cTESIS |
||
| 999 |
_aSP 3 CH19 2007 _wALPHANUM _c7946 _iT00986 _d7946 _lCCODEBUL3 _mBUL _q1 _r1 _sY _tTESIS _u2015-11-26 _xPOSGRADO _PP82 _o.STAFF. Tesis |
||
| 980 |
_81 _gALBERTO SANCHEZ Responsable de Automatización |
||